|
|
|
|
| LEADER |
00000caa a2200000 c 4500 |
| 001 |
1755913389 |
| 003 |
DE-627 |
| 005 |
20230227144357.0 |
| 007 |
tu |
| 008 |
210426s2020 xx ||||| 00| ||ger c |
| 020 |
|
|
|a 9783658307264
|
| 035 |
|
|
|a (DE-627)1755913389
|
| 035 |
|
|
|a (DE-599)KXP1755913389
|
| 040 |
|
|
|a DE-627
|b ger
|c DE-627
|e rda
|
| 041 |
|
|
|a ger
|
| 100 |
1 |
|
|a Feltes, Thomas
|d 1951-
|e VerfasserIn
|0 (DE-588)109006909
|0 (DE-627)52362333X
|0 (DE-576)303336889
|4 aut
|
| 109 |
|
|
|a Feltes, Thomas 1951-
|
| 245 |
1 |
0 |
|a Polizeilicher Umgang mit psychisch gestörten Personen
|c Thomas Feltes ; Michael Alex
|
| 264 |
|
1 |
|c 2020
|
| 336 |
|
|
|a Text
|b txt
|2 rdacontent
|
| 337 |
|
|
|a ohne Hilfsmittel zu benutzen
|b n
|2 rdamedia
|
| 338 |
|
|
|a Band
|b nc
|2 rdacarrier
|
| 650 |
|
4 |
|a Polizeibeamte
|
| 650 |
|
4 |
|a Psychisch erkrankte Personen
|
| 650 |
|
4 |
|a Umgang
|
| 650 |
|
4 |
|a Psychische Störungen
|
| 650 |
|
4 |
|a Symptome
|
| 650 |
|
4 |
|a Ursachen
|
| 650 |
|
4 |
|a Gefahren
|
| 650 |
|
4 |
|a Kommunikation
|
| 700 |
1 |
|
|a Alex, Michael
|d 1947-
|e VerfasserIn
|0 (DE-588)141179422
|0 (DE-627)625414314
|0 (DE-576)322580641
|4 aut
|
| 773 |
0 |
8 |
|i Enthalten in
|t Polizeiarbeit zwischen Praxishandeln und Rechtsordnung
|d Wiesbaden : Springer, 2020
|g (2020), Seite 279-299
|h X, 350 Seiten
|w (DE-627)1699258570
|z 9783658307264
|z 3658307269
|7 nnam
|
| 773 |
1 |
8 |
|g year:2020
|g pages:279-299
|
| 951 |
|
|
|a AR
|
| ELC |
|
|
|b 1
|
| LOK |
|
|
|0 000 xxxxxcx a22 zn 4500
|
| LOK |
|
|
|0 001 3917690942
|
| LOK |
|
|
|0 003 DE-627
|
| LOK |
|
|
|0 004 1755913389
|
| LOK |
|
|
|0 005 20260209085138
|
| LOK |
|
|
|0 008 210426||||||||||||||||ger|||||||
|
| LOK |
|
|
|0 040
|a DE-21-110
|c DE-627
|d DE-21-110
|
| LOK |
|
|
|0 852
|a DE-21-110
|
| LOK |
|
|
|0 852 1
|m p
|9 00
|
| LOK |
|
|
|0 938
|k p
|
| LOK |
|
|
|0 939
|a 26-04-21
|b l01
|
| ORI |
|
|
|a WA-MARC-krimdoka001.raw
|